Leading Test Cricket Run Scorers by Year - Statistics

General Stats
  • This quiz has been taken 69 times
  • The average score is 57 of 127
Answer Stats
Year Answer Team Runs 100s % Correct
1995 Brian Lara West Indies 1222 4
97%
2008 Graeme Smith South Africa 1656 6
97%
2017 Steven Smith Australia 1305 6
97%
2015 Steven Smith Australia 1474 6
97%
2010 Sachin Tendulkar India 1562 7
95%
1999 Sachin Tendulkar India 1088 5
95%
2014 Kumar Sangakkara Sri Lanka 1438 4
93%
2005 Ricky Ponting Australia 1544 6
93%
2003 Ricky Ponting Australia 1503 6
93%
1948 Donald Bradman Australia 1025 5
91%
1946 Donald Bradman Australia 421 2
91%
1937 Donald Bradman Australia 690 3
91%
1934 Donald Bradman Australia 758 2
91%
1932 Donald Bradman Australia 402 2
91%
1931 Donald Bradman Australia 950 5
91%
1930 Donald Bradman Australia 978 4
91%
2016 Joe Root England 1477 3
91%
2013 Michael Clarke Australia 1093 4
91%
2012 Michael Clarke Australia 1595 5
91%
1983 Sunil Gavaskar India 1310 5
90%
1979 Sunil Gavaskar India 1407 4
90%
1978 Sunil Gavaskar India 1099 5
90%
1971 Sunil Gavaskar India 918 4
90%
1988 Vivian Richards West Indies 867 2
90%
1976 Vivian Richards West Indies 1710 7
90%
2001 Matthew Hayden Australia 1391 5
86%
2011 Rahul Dravid India 1145 5
86%
2007 Jacques Kallis South Africa 1210 5
81%
1997 Sanath Jayasuriya Sri Lanka 1271 3
81%
2000 Inzamam-ul-Haq Pakistan 1090 4
79%
1985 Alan Border Australia 1099 4
72%
1966 Garfield Sobers West Indies 895 3
69%
1960 Garfield Sobers West Indies 864 4
69%
1958 Garfield Sobers West Indies 1299 6
69%
2004 Justin Langer Australia 1481 5
66%
1998 Alec Stewart England 1222 2
64%
1996 Alec Stewart England 793 2
64%
1982 Ian Botham England 1095 3
64%
2006 Mohammad Yousuf Pakistan 1788 9
64%
1991 Graham Gooch England 1040 3
60%
1990 Graham Gooch England 1264 4
60%
1994 Michael Atherton England 1136 4
60%
1993 David Boon Australia 1241 4
55%
1992 David Boon Australia 812 4
55%
1980 Gregory Chappell Australia 953 2
53%
1977 Gregory Chappell Australia 736 2
53%
1922 Herbie Taylor South Africa 197 1
53%
1913 Herbie Taylor South Africa 186 1
53%
1975 Ian Chappell Australia 982 2
53%
1989 Mark Taylor Australia 1219 4
53%
1926 Jack Hobbs England 486 2
52%
1924 Jack Hobbs England 527 2
52%
1920 Jack Hobbs England 250 1
52%
1914 Jack Hobbs England 338 0
52%
1912 Jack Hobbs England 832 3
52%
1938 Wallace Hammond England 666 2
52%
1936 Wallace Hammond England 645 3
52%
1933 Wallace Hammond England 934 3
52%
1929 Wallace Hammond England 702 4
52%
1928 Wallace Hammond England 879 2
52%
2002 Michael Vaughan England 1481 6
50%
1986 David Gower England 1059 2
48%
1981 Geoffrey Boycott England 975 3
48%
1984 Gordon Greenidge West Indies 1179 4
48%
1951 Leonard Hutton England 903 2
47%
1949 Leonard Hutton England 800 3
47%
1939 Leonard Hutton England 728 2
47%
1880 William (W.G) Grace England 161 1
47%
1927 Herbert Sutcliffe England 271 1
40%
1925 Herbert Sutcliffe England 560 3
40%
1987 Dilip Vengsarkar India 875 4
38%
1957 Colin Cowdrey England 701 3
36%
1954 Denis Compton England 830 2
33%
1947 Denis Compton England 1159 6
33%
1967 Ken Barrington England 750 3
33%
1965 Ken Barrington England 895 2
33%
1963 Ken Barrington England 1015 3
33%
1961 Ken Barrington England 1035 4
33%
2009 Thilan Samaraweera Sri Lanka 1234 4
31%
1968 John Edrich England 894 2
29%
1911 Victor Trumper Australia 583 2
26%
1904 Victor Trumper Australia 388 1
26%
1974 Dennis Amiss England 1379 5
24%
1962 Ted Dexter England 982 2
24%
1955 Clyde Walcott West Indies 827 5
22%
1972 Glenn Turner New Zealand 672 2
22%
1964 Bobby Simpson Australia 1381 3
21%
1953 Neil Harvey Australia 948 4
21%
1950 Neil Harvey Australia 584 3
21%
1879 Alec Bannerman Australia 73 0
17%
1877 Charles Bannerman Australia 209 1
17%
1969 Doug Walters Australia 909 5
17%
1956 Peter Richardson England 491 2
17%
1973 Keith Fletcher England 1085 2
14%
1952 Vijay Hazare India 576 1
14%
1896 Arthur Hill Australia 251 1
10%
1902 Clem Hill Australia 1060 2
10%
1970 Ian Redpath Australia 530 1
10%
1906 Gordon White South Africa 437 1
9%
1910 Aubrey Faulkner South Africa 862 2
7%
1888 Billy Barnes England 90 0
7%
1901 Archie MacLaren England 116 1
5%
1893 Arthur Shrewsbury England 284 1
5%
1886 Arthur Shrewsbury England 243 1
5%
1885 Arthur Shrewsbury England 275 1
5%
1907 Charles (C.B) Fry England 221 1
5%
1959 Colin McDonald Australia 671 2
5%
1895 John Brown England 231 1
5%
1905 Stanley Jackson England 492 2
5%
1908 Warwick Armstrong Australia 359 1
5%
1935 Bruce Mitchell South Africa 579 2
3%
1909 Warren Bardsley Australia 396 2
3%
1883 Allan Steel England 218 1
2%
1889 Bobby Abel England 189 1
2%
1921 Herbie Collins Australia 730 2
2%
1898 Joe Darling Australia 429 2
2%
1897 Ranjitsinhji England 183 1
2%
1903 Tim Foster England 306 1
2%
1894 George Giffen Australia 277 1
0%
1882 George Ulyett England 365 1
0%
1887 Harry Moses Australia 116 0
0%
1923 Jack Russell England 436 2
0%
1892 JJ Lyons Australia 287 1
0%
1890 JJ Lyons Australia 122 0
0%
1884 Percy McDonnell Australia 366 2
0%
1899 Tom Hayward England 413 2
0%
1881 Tom Horan Australia 150 1
0%
No matching quizzes found
Score Distribution
Percent of People with Each Score
Percentile by Number Answered
Your Score History
You have not taken this quiz